| 000 | 00334nam a22001337a 4500 | ||
|---|---|---|---|
| 020 | _a978-0-19-832938-1 | ||
| 082 | _a004 | ||
| 100 | _aGay, Glenda | ||
| 245 | _aOxford Information Technology for CSEC | ||
| 260 |
_aNew York: _bOxford University Press, _c2009 |
||
| 300 | _a320p.: ill.; 27cm | ||
| 700 | _aBlades, Ronald | ||
| 942 | _cBK | ||
| 999 |
_c22210 _d22210 |
||